000 00322cam a22001217a 4500
008 180718b1972 xxu||||| |||| 00| 0 eng d
082 _aP45x54 Si64
100 _aSingh, R.P.
245 _aIndian public school
_cby R.P. Singh
260 _aNew Delhi
_bSterling
_c1972
300 _a140p.
650 _aSchools, Private - India
999 _c353379
_d353379